| 000 | 00558nam a2200229Ia 4500 | ||
|---|---|---|---|
| 005 | 20250506172911.0 | ||
| 008 | 008 250505s9999 xx 000 0 eng d | ||
| 020 | _a9789384746964 | ||
| 037 | _aTB | ||
| 040 |
_aILCL _beng _cILCL |
||
| 041 |
_aeng _2eng |
||
| 082 | _qILCL | ||
| 084 | _aZ,91 N6 | ||
| 100 |
_aFitzgerals, P J _9754726 |
||
| 245 | 0 | _aSalmond on Jurisprudence | |
| 250 | _a12 | ||
| 260 |
_aIndia _bSweet & Maxwell _c2016 |
||
| 300 | _axxiii,481p. | ||
| 365 | _aINR | ||
| 942 |
_cTB _2Colon Classification |
||
| 999 |
_c1312588 _d1312588 |
||